Logo BPK

Biblioteka

Politechniki Koszalińskiej

Darstellende Geometrie. (Rekord nr 26265)

Szczegóły MARC
000 -ETYKIETA REKORDU
podpole kontrolne o stałej długości 00398nam a2200145 i 4500
001 - NUMER KONTROLNY REKORDU
pole kontrolne bg
040 ## - ŹRÓDŁO KATALOGOWANIA
Instytucja, która utworzyła rekord BPK
041 ## - KOD JĘZYKA
Kod języka tekstu pol
008 - POLE O STAŁEJ DŁUGOŚCI - DANE KONTROLNE
podpole kontrolne o stałej długości s pl f |000 0 pol
100 1# - NAZWA OSOBOWA
Nazwa osobowa REUTTER, Fritz
245 #0 - TYTUŁ/ODPOWIEDZIALNOŚĆ
Tytuł Darstellende Geometrie.
Oznaczenie części/sekcji dzieła Bd.1,
Tytuł części/sekcji dzieła Grundbegriffe orthogonale Zweitafelprojektion, Axonometrie /
Pozostałe elementy strefy tytułu i oznaczenia odpowiedzialności Fritz Reutter.
250 ## - STREFA WYDANIA
Oznaczenie wydania Aufl. 10.
260 ## - STREFA ADRESU WYDAWNICZEGO
Miejsce wydania Karlsruhe,
Data publikacji, dystrybucji/powstania dokumentu 1972.
856 ## - LOKALIZACJA I DOSTĘP DO ELEKTRONICZNYCH DOKUMENTÓW ZDALNYCH
Link (URL) http://koha.tu.koszalin.pl/cgi-bin/koha/opac-detail.pl?biblionumber=26265
Tekst linku Katalog online BPK
942 ## - DODATKOWE ELEMENTY (KOHA)
Typ dokumentu Książka
Egzemplarze
Wycofany Status egzemplarza Uszkodzony Dostępność Lokalizacja stała Lokalizacja bieżąca Miejsce przechowywania Sygnatura Kod kreskowy Typ dokumentu
      Dostępny Biblioteka Politechniki Koszalińskiej Biblioteka Politechniki Koszalińskiej Wypożyczalnia BG 17490 01712414 Książka
© 2023 Biblioteka Politechniki Koszalińskiej :: KOHA